[Event "WYCC Open U14"]
[Site "Porto Carras"]
[Date "2015.10.26"]
[Round "2.10"]
[White "Raja, Harshit"]
[Black "Sargsyan, Shant"]
[Result "1-0"]
[BlackElo "2357"]
[WhiteElo "2110"]
[LiveChessVersion "1.4.6"]

1. e4 {[%clk 1:30:43]} c5 {[%clk 1:30:40]} 2. Nf3 {[%clk 1:30:27]} e6
{[%clk 1:30:44]} 3. d4 {[%clk 1:30:00]} cxd4 {[%clk 1:30:49]} 4. Nxd4
{[%clk 1:30:09]} a6 {[%clk 1:30:30]} 5. Nc3 {[%clk 1:29:12]} Qc7 {[%clk 1:30:14]}
6. g3 {[%clk 1:28:29]} b5 {[%clk 1:24:51]} 7. Bg2 {[%clk 1:25:30]} Bb7
{[%clk 1:24:51]} 8. O-O {[%clk 1:24:42]} Nc6 {[%clk 1:14:31]} 9. Re1
{[%clk 1:18:56]} Nxd4 {[%clk 1:11:03]} 10. Qxd4 {[%clk 1:18:42]} f6
{[%clk 1:08:43]} 11. Nd5 {[%clk 1:04:32]} Qd6 {[%clk 0:55:49]} 12. e5
{[%clk 0:57:51]} fxe5 {[%clk 0:55:29]} 13. Rxe5 {[%clk 0:57:33]} Bxd5
{[%clk 0:48:56]} 14. Qxd5 {[%clk 0:55:40]} Rc8 {[%clk 0:47:47]} 15. Re2
{[%clk 0:51:05]} Qxd5 {[%clk 0:44:02]} 16. Bxd5 {[%clk 0:51:26]} Ne7
{[%clk 0:42:14]} 17. Bb7 {[%clk 0:48:13]} Rb8 {[%clk 0:42:06]} 18. Be4
{[%clk 0:47:58]} Nc8 {[%clk 0:37:21]} 19. a4 {[%clk 0:45:49]} Bc5
{[%clk 0:29:09]} 20. axb5 {[%clk 0:41:57]} axb5 {[%clk 0:29:19]} 21. Bf4
{[%clk 0:42:04]} d6 {[%clk 0:25:08]} 22. Bf5 {[%clk 0:32:06]} e5 {[%clk 0:24:45]}
23. Bxe5 {[%clk 0:32:16]} dxe5 {[%clk 0:22:14]} 24. Rxe5+ {[%clk 0:31:26]} Be7
{[%clk 0:19:42]} 25. Bxc8 {[%clk 0:31:49]} Kf7 {[%clk 0:12:43]} 26. Ra7
{[%clk 0:31:45]} Rhxc8 {[%clk 0:12:02]} 27. Rexe7+ {[%clk 0:32:10]} Kf6
{[%clk 0:12:17]} 28. Rf7+ {[%clk 0:32:18]} Ke6 {[%clk 0:11:55]} 29. c3
{[%clk 0:32:29]} g5 {[%clk 0:11:07]} 30. Rxh7 {[%clk 0:32:22]} b4
{[%clk 0:11:06]} 31. Rh6+ {[%clk 0:32:11]} Kf5 {[%clk 0:10:48]} 32. cxb4
{[%clk 0:32:24]} Rxb4 {[%clk 0:10:31]} 33. Ra5+ {[%clk 0:32:10]} Kg4
{[%clk 0:10:08]} 34. Kg2 {[%clk 0:32:23]} 1-0

[Event "WYCC Open U14"]
[Site "Porto Carras"]
[Date "2015.10.26"]
[Round "2.11"]
[White "Kozak, Adam"]
[Black "Hirthickkesh, Pr"]
[Result "1-0"]
[BlackElo "2090"]
[WhiteElo "2349"]
[LiveChessVersion "1.4.6"]

1. d4 {[%clk 1:30:55]} Nf6 {[%clk 1:30:30]} 2. c4 {[%clk 1:30:59]} e6
{[%clk 1:31:18]} 3. Nc3 {[%clk 1:31:51]} Bb4 {[%clk 1:31:39]} 4. e3
{[%clk 1:32:12]} c5 {[%clk 1:31:56]} 5. Bd3 {[%clk 1:32:18]} O-O {[%clk 1:32:17]}
6. Nge2 {[%clk 1:32:11]} d5 {[%clk 1:28:57]} 7. cxd5 {[%clk 1:32:18]} exd5
{[%clk 1:26:53]} 8. a3 {[%clk 1:28:56]} Bxc3+ {[%clk 1:26:58]} 9. bxc3
{[%clk 1:28:52]} Nc6 {[%clk 1:25:14]} 10. O-O {[%clk 1:27:20]} c4
{[%clk 1:12:58]} 11. Bc2 {[%clk 1:27:07]} b5 {[%clk 1:04:32]} 12. f3
{[%clk 1:19:44]} Re8 {[%clk 1:00:56]} 13. Ng3 {[%clk 1:18:45]} a5
{[%clk 0:45:51]} 14. e4 {[%clk 0:55:18]} Rb8 {[%clk 0:31:35]} 15. e5
{[%clk 0:47:34]} Nd7 {[%clk 0:31:43]} 16. f4 {[%clk 0:26:49]} b4 {[%clk 0:28:56]}
17. Qh5 {[%clk 0:25:38]} Nf8 {[%clk 0:27:21]} 18. Ba4 {[%clk 0:23:37]} Qb6
{[%clk 0:24:59]} 19. f5 {[%clk 0:17:57]} bxc3 {[%clk 0:17:27]} 20. Bxc6
{[%clk 0:17:14]} Qxc6 {[%clk 0:17:40]} 21. f6 {[%clk 0:15:36]} Ng6
{[%clk 0:07:31]} 22. fxg7 {[%clk 0:08:55]} Qb6 {[%clk 0:06:18]} 23. Be3
{[%clk 0:07:22]} Rxe5 {[%clk 0:05:32]} 24. Qh6 {[%clk 0:06:45]} Re6
{[%clk 0:04:10]} 25. Rxf7 {[%clk 0:03:45]} Rf6 {[%clk 0:02:09]} 26. Rxf6
{[%clk 0:02:29]} Qxf6 {[%clk 0:02:37]} 27. Nh5 {[%clk 0:01:45]} Qf5
{[%clk 0:02:13]} 28. Rf1 {[%clk 0:01:30]} Rb1 {[%clk 0:02:36]} 29. Bc1
{[%clk 0:01:39]} Rxc1 {[%clk 0:02:28]} 30. Rxc1 {[%clk 0:01:43]} Qf7
{[%clk 0:01:28]} 31. Rf1 {[%clk 0:01:51]} Bf5 {[%clk 0:01:54]} 32. g4
{[%clk 0:01:12]} c2 {[%clk 0:01:25]} 33. Rxf5 {[%clk 0:01:01]} 1-0

[Event "WYCC Open U14"]
[Site "Porto Carras"]
[Date "2015.10.26"]
[Round "2.12"]
[White "Lagarde, Dimitri"]
[Black "Vokhidov, Shamsiddin"]
[Result "1/2-1/2"]
[BlackElo "2336"]
[WhiteElo "2099"]
[LiveChessVersion "1.4.6"]

1. e4 {[%clk 1:30:57]} c5 {[%clk 1:30:54]} 2. Nf3 {[%clk 1:31:21]} d6
{[%clk 1:31:19]} 3. d4 {[%clk 1:31:44]} cxd4 {[%clk 1:31:45]} 4. Nxd4
{[%clk 1:32:10]} Nf6 {[%clk 1:32:11]} 5. Nc3 {[%clk 1:32:36]} Bd7
{[%clk 1:32:33]} 6. Bg5 {[%clk 1:28:17]} e6 {[%clk 1:32:52]} 7. f3
{[%clk 1:26:27]} a6 {[%clk 1:33:00]} 8. Qd2 {[%clk 1:24:17]} b5 {[%clk 1:22:32]}
9. Bd3 {[%clk 1:19:09]} Be7 {[%clk 1:21:49]} 10. h4 {[%clk 1:17:20]} Nc6
{[%clk 1:17:24]} 11. Nce2 {[%clk 1:12:49]} Ne5 {[%clk 1:16:58]} 12. O-O-O
{[%clk 1:07:41]} h6 {[%clk 1:15:52]} 13. Be3 {[%clk 1:06:54]} Rc8
{[%clk 1:13:58]} 14. g4 {[%clk 1:02:32]} d5 {[%clk 1:10:51]} 15. g5
{[%clk 0:57:12]} Nxd3+ {[%clk 1:03:02]} 16. Qxd3 {[%clk 0:57:29]} dxe4
{[%clk 1:02:24]} 17. fxe4 {[%clk 0:56:11]} Ng4 {[%clk 1:02:32]} 18. Rhg1
{[%clk 0:52:12]} Ne5 {[%clk 0:59:13]} 19. Qb3 {[%clk 0:47:57]} Nc4
{[%clk 0:54:09]} 20. g6 {[%clk 0:45:44]} Bf6 {[%clk 0:53:56]} 21. gxf7+
{[%clk 0:43:43]} Kxf7 {[%clk 0:54:16]} 22. Rgf1 {[%clk 0:43:17]} Re8
{[%clk 0:52:06]} 23. Bg5 {[%clk 0:39:30]} hxg5 {[%clk 0:51:29]} 24. hxg5
{[%clk 0:39:49]} Qe7 {[%clk 0:51:51]} 25. gxf6 {[%clk 0:38:52]} gxf6
{[%clk 0:52:03]} 26. Rf2 {[%clk 0:26:18]} Rh8 {[%clk 0:51:36]} 27. Rdf1
{[%clk 0:20:42]} Rh6 {[%clk 0:51:39]} 28. Rg2 {[%clk 0:15:17]} Rg8
{[%clk 0:48:42]} 29. Rxg8 {[%clk 0:15:18]} Kxg8 {[%clk 0:49:11]} 30. Rg1+
{[%clk 0:15:38]} Kh7 {[%clk 0:49:26]} 31. Qg3 {[%clk 0:13:56]} Qf7
{[%clk 0:48:25]} 32. b3 {[%clk 0:12:26]} Ne5 {[%clk 0:48:19]} 33. Nf4
{[%clk 0:12:28]} Ng6 {[%clk 0:47:09]} 34. Nxg6 {[%clk 0:08:46]} Qxg6
{[%clk 0:47:22]} 35. Qxg6+ {[%clk 0:08:20]} Rxg6 {[%clk 0:47:50]} 36. Rxg6
{[%clk 0:08:34]} Kxg6 {[%clk 0:48:16]} 37. Kd2 {[%clk 0:08:34]} Kf7
{[%clk 0:47:46]} 38. b4 {[%clk 0:08:25]} Ke7 {[%clk 0:47:25]} 39. Nb3
{[%clk 0:07:05]} Kd6 {[%clk 0:47:27]} 40. Nc5 {[%clk 0:36:11]} Bc6
{[%clk 1:14:15]} 41. Ke3 {[%clk 0:33:08]} a5 {[%clk 1:14:36]} 42. a3
{[%clk 0:33:00]} axb4 {[%clk 1:14:11]} 43. axb4 {[%clk 0:33:19]} Be8
{[%clk 1:13:05]} 44. Kd4 {[%clk 0:29:57]} Bc6 {[%clk 1:13:05]} 45. Ke3
{[%clk 0:29:12]} Be8 {[%clk 1:12:41]} 46. Kd4 {[%clk 0:29:28]} Bh5
{[%clk 1:09:14]} 47. Nd3 {[%clk 0:25:06]} Be2 {[%clk 1:08:06]} 48. e5+
{[%clk 0:25:01]} fxe5+ {[%clk 1:08:32]} 49. Nxe5 {[%clk 0:25:26]} Bf1
{[%clk 1:08:40]} 50. c4 {[%clk 0:25:03]} bxc4 {[%clk 1:08:56]} 51. Nxc4+
{[%clk 0:25:25]} Kc6 {[%clk 1:09:11]} 52. Ne3 {[%clk 0:25:38]} Be2
{[%clk 1:09:26]} 53. Ke5 {[%clk 0:26:01]} Kb5 {[%clk 1:09:34]} 54. Kxe6
{[%clk 0:26:23]} Kxb4 {[%clk 1:10:01]} 1/2-1/2

[Event "WYCC Open U14"]
[Site "Porto Carras"]
[Date "2015.10.27"]
[Round "3.1"]
[White "Rajdeep, Sarkar"]
[Black "Tabatabaei, M.Amin"]
[Result "1/2-1/2"]
[BlackElo "2488"]
[WhiteElo "2233"]
[LiveChessVersion "1.4.6"]

1. d4 {[%clk 1:30:47]} Nf6 {[%clk 1:30:53]} 2. Nf3 {[%clk 1:31:09]} g6
{[%clk 1:31:18]} 3. Nbd2 {[%clk 1:31:29]} c5 {[%clk 1:31:42]} 4. dxc5
{[%clk 1:31:48]} Qa5 {[%clk 1:32:07]} 5. a3 {[%clk 1:32:10]} Qxc5
{[%clk 1:32:31]} 6. b4 {[%clk 1:32:32]} Qc7 {[%clk 1:32:56]} 7. Bb2
{[%clk 1:32:55]} Bg7 {[%clk 1:33:21]} 8. Ne4 {[%clk 1:31:27]} O-O
{[%clk 1:33:41]} 9. Nxf6+ {[%clk 1:31:52]} Bxf6 {[%clk 1:34:06]} 10. Bxf6
{[%clk 1:32:00]} exf6 {[%clk 1:34:35]} 11. Qd2 {[%clk 1:31:18]} d5
{[%clk 1:34:59]} 12. e3 {[%clk 1:30:09]} a5 {[%clk 1:35:23]} 13. b5
{[%clk 1:27:12]} Be6 {[%clk 1:35:47]} 14. Be2 {[%clk 1:25:23]} Nd7
{[%clk 1:36:10]} 15. O-O {[%clk 1:23:56]} Rac8 {[%clk 1:36:34]} 16. Nd4
{[%clk 1:22:29]} Rfd8 {[%clk 1:32:16]} 17. Rfb1 {[%clk 1:11:07]} Qc3
{[%clk 1:30:35]} 18. Qxc3 {[%clk 1:06:22]} Rxc3 {[%clk 1:31:02]} 19. Bd3
{[%clk 1:06:29]} Ne5 {[%clk 1:23:05]} 20. Ne2 {[%clk 1:05:57]} Rc5
{[%clk 1:23:24]} 21. Nd4 {[%clk 1:05:32]} Rc3 {[%clk 1:23:34]} 22. Ne2
{[%clk 1:05:42]} Rc5 {[%clk 1:23:59]} 23. Nd4 {[%clk 1:05:35]} Rc3
{[%clk 1:14:20]} 1/2-1/2

[Event "WYCC Open U14"]
[Site "Porto Carras"]
[Date "2015.10.27"]
[Round "3.2"]
[White "Checa, Nicolas D"]
[Black "Martin, Julian"]
[Result "1-0"]
[BlackElo "2207"]
[WhiteElo "2437"]
[LiveChessVersion "1.4.6"]

1. d4 {[%clk 1:30:57]} Nf6 {[%clk 1:30:45]} 2. c4 {[%clk 1:31:18]} e6
{[%clk 1:30:45]} 3. Nf3 {[%clk 1:31:28]} d5 {[%clk 1:29:56]} 4. Nc3
{[%clk 1:31:11]} c6 {[%clk 1:28:40]} 5. Bg5 {[%clk 1:29:41]} h6 {[%clk 1:28:35]}
6. Bxf6 {[%clk 1:28:38]} Qxf6 {[%clk 1:29:02]} 7. e3 {[%clk 1:28:59]} Nd7
{[%clk 1:22:37]} 8. Bd3 {[%clk 1:29:03]} g6 {[%clk 1:22:14]} 9. O-O
{[%clk 1:28:24]} Bg7 {[%clk 1:22:28]} 10. Re1 {[%clk 1:28:10]} O-O
{[%clk 1:21:31]} 11. e4 {[%clk 1:25:08]} dxc4 {[%clk 1:14:45]} 12. e5
{[%clk 1:21:48]} Qe7 {[%clk 1:10:41]} 13. Bxc4 {[%clk 1:22:01]} Rd8
{[%clk 0:57:02]} 14. Qe2 {[%clk 1:20:16]} b6 {[%clk 0:41:14]} 15. Rac1
{[%clk 1:10:28]} Rb8 {[%clk 0:29:11]} 16. Ba6 {[%clk 0:46:07]} b5
{[%clk 0:19:05]} 17. Bxc8 {[%clk 0:46:03]} Rdxc8 {[%clk 0:19:26]} 18. Ne4
{[%clk 0:42:53]} Nb6 {[%clk 0:19:12]} 19. Rc5 {[%clk 0:38:09]} Nd5
{[%clk 0:17:39]} 20. Rec1 {[%clk 0:37:59]} Rb6 {[%clk 0:17:11]} 21. g3
{[%clk 0:37:23]} Qd8 {[%clk 0:16:30]} 22. a3 {[%clk 0:34:02]} Bf8
{[%clk 0:15:41]} 23. R5c2 {[%clk 0:34:18]} b4 {[%clk 0:14:02]} 24. a4
{[%clk 0:34:01]} b3 {[%clk 0:14:14]} 25. Rc4 {[%clk 0:34:13]} a5 {[%clk 0:11:09]}
26. h4 {[%clk 0:31:19]} Kg7 {[%clk 0:09:01]} 27. h5 {[%clk 0:29:48]} g5
{[%clk 0:09:30]} 28. Kg2 {[%clk 0:29:47]} Be7 {[%clk 0:08:37]} 29. Nfd2
{[%clk 0:28:01]} Qd7 {[%clk 0:08:09]} 30. Qf3 {[%clk 0:20:33]} Rcb8
{[%clk 0:05:16]} 31. Nc5 {[%clk 0:17:05]} Bxc5 {[%clk 0:04:41]} 32. Rxc5
{[%clk 0:17:11]} Rb4 {[%clk 0:01:25]} 33. R1c4 {[%clk 0:15:54]} Rxc4
{[%clk 0:00:41]} 34. Rxc4 {[%clk 0:16:04]} Nb6 {[%clk 0:00:57]} 35. Rxc6
{[%clk 0:15:42]} Nxa4 {[%clk 0:01:03]} 36. Rd6 {[%clk 0:13:38]} Qe7
{[%clk 0:00:34]} 37. Nxb3 {[%clk 0:13:29]} 1-0

[Event "WYCC Open U14"]
[Site "Porto Carras"]
[Date "2015.10.27"]
[Round "3.3"]
[White "Kandil, Adham"]
[Black "Esipenko, Andrey"]
[Result "0-1"]
[BlackElo "2384"]
[WhiteElo "2231"]
[LiveChessVersion "1.4.6"]

1. e4 {[%clk 1:30:55]} e5 {[%clk 1:30:43]} 2. Nf3 {[%clk 1:31:15]} Nc6
{[%clk 1:30:58]} 3. Bb5 {[%clk 1:31:27]} a6 {[%clk 1:30:48]} 4. Ba4
{[%clk 1:31:40]} Nf6 {[%clk 1:31:12]} 5. d3 {[%clk 1:31:54]} b5 {[%clk 1:30:48]}
6. Bb3 {[%clk 1:32:14]} Be7 {[%clk 1:29:19]} 7. O-O {[%clk 1:32:27]} d6
{[%clk 1:29:02]} 8. c3 {[%clk 1:32:36]} O-O {[%clk 1:28:53]} 9. Re1
{[%clk 1:32:13]} Na5 {[%clk 1:24:03]} 10. Bc2 {[%clk 1:32:08]} c5
{[%clk 1:24:24]} 11. Nbd2 {[%clk 1:32:18]} Nc6 {[%clk 1:21:23]} 12. Nf1
{[%clk 1:32:17]} h6 {[%clk 1:17:43]} 13. Ng3 {[%clk 1:31:30]} Be6
{[%clk 1:15:52]} 14. a4 {[%clk 1:28:35]} Qd7 {[%clk 1:09:55]} 15. d4
{[%clk 1:25:11]} exd4 {[%clk 1:06:15]} 16. cxd4 {[%clk 1:25:36]} Bg4
{[%clk 1:03:34]} 17. dxc5 {[%clk 1:14:19]} dxc5 {[%clk 1:02:39]} 18. e5
{[%clk 1:14:19]} Qxd1 {[%clk 1:01:18]} 19. Bxd1 {[%clk 1:14:36]} Nd5
{[%clk 0:58:51]} 20. h3 {[%clk 1:15:01]} Be6 {[%clk 0:58:57]} 21. Bc2
{[%clk 1:15:27]} Rfd8 {[%clk 0:52:53]} 22. Nf5 {[%clk 1:10:37]} Bf8
{[%clk 0:52:19]} 23. Be4 {[%clk 1:10:09]} Rac8 {[%clk 0:51:47]} 24. axb5
{[%clk 0:59:13]} axb5 {[%clk 0:51:23]} 25. Rd1 {[%clk 0:59:27]} Rd7
{[%clk 0:42:44]} 26. Bd2 {[%clk 0:34:00]} Rcd8 {[%clk 0:38:12]} 27. Rdc1
{[%clk 0:32:30]} Ndb4 {[%clk 0:34:15]} 28. Bxb4 {[%clk 0:25:35]} Nxb4
{[%clk 0:34:30]} 29. Ra5 {[%clk 0:25:47]} Bc4 {[%clk 0:29:57]} 30. Ne3
{[%clk 0:23:42]} Bd3 {[%clk 0:30:01]} 31. Bxd3 {[%clk 0:23:15]} Nxd3
{[%clk 0:30:25]} 32. Rc2 {[%clk 0:22:55]} Rb8 {[%clk 0:29:54]} 33. b3
{[%clk 0:23:11]} Nb4 {[%clk 0:25:33]} 34. Rc1 {[%clk 0:22:43]} Nc6
{[%clk 0:20:25]} 35. Ra6 {[%clk 0:22:24]} Nd4 {[%clk 0:20:31]} 36. Nxd4
{[%clk 0:22:46]} cxd4 {[%clk 0:20:38]} 37. Nf5 {[%clk 0:23:08]} Re8
{[%clk 0:19:26]} 38. Rd1 {[%clk 0:20:41]} d3 {[%clk 0:19:20]} 39. f4
{[%clk 0:19:45]} Rc8 {[%clk 0:12:28]} 40. Nd6 {[%clk 0:46:37]} Rc3
{[%clk 0:42:12]} 41. Kf2 {[%clk 0:46:30]} Rxb3 {[%clk 0:34:54]} 42. Ke3
{[%clk 0:46:53]} g5 {[%clk 0:28:23]} 43. Rxd3 {[%clk 0:38:00]} gxf4+
{[%clk 0:28:17]} 44. Ke2 {[%clk 0:38:25]} Rxd3 {[%clk 0:27:35]} 45. Kxd3
{[%clk 0:38:48]} Bg7 {[%clk 0:27:44]} 46. Ke4 {[%clk 0:38:18]} Re7
{[%clk 0:27:37]} 47. Kxf4 {[%clk 0:38:38]} Bxe5+ {[%clk 0:26:46]} 48. Kf3
{[%clk 0:33:24]} Bxd6 {[%clk 0:20:32]} 49. Rxd6 {[%clk 0:33:49]} Kg7
{[%clk 0:20:58]} 50. Rb6 {[%clk 0:34:14]} Re5 {[%clk 0:21:24]} 51. g4
{[%clk 0:33:44]} Rc5 {[%clk 0:20:50]} 52. Ke4 {[%clk 0:33:50]} Rc4+
{[%clk 0:18:18]} 53. Kf5 {[%clk 0:33:36]} Rb4 {[%clk 0:17:54]} 54. g5
{[%clk 0:25:15]} hxg5 {[%clk 0:17:28]} 55. Kxg5 {[%clk 0:25:40]} Rb1
{[%clk 0:17:01]} 56. Kf4 {[%clk 0:26:00]} b4 {[%clk 0:16:53]} 57. Ke3
{[%clk 0:26:27]} b3 {[%clk 0:16:24]} 58. Kd2 {[%clk 0:26:51]} f5 {[%clk 0:12:19]}
59. Kc3 {[%clk 0:26:06]} Rh1 {[%clk 0:11:36]} 60. h4 {[%clk 0:25:45]} f4
{[%clk 0:09:17]} 61. Rb4 {[%clk 0:21:34]} Rh3+ {[%clk 0:06:06]} 62. Kb2
{[%clk 0:19:22]} Rf3 {[%clk 0:06:09]} 63. Rb6 {[%clk 0:19:32]} Re3
{[%clk 0:05:45]} 64. h5 {[%clk 0:19:22]} Rh3 {[%clk 0:03:44]} 65. Rg6+
{[%clk 0:19:39]} Kf7 {[%clk 0:02:53]} 66. Rg4 {[%clk 0:19:42]} f3
{[%clk 0:02:22]} 67. Rf4+ {[%clk 0:20:06]} Ke6 {[%clk 0:02:36]} 68. h6
{[%clk 0:19:01]} Ke5 {[%clk 0:02:30]} 69. Rf7 {[%clk 0:19:28]} Ke4
{[%clk 0:02:08]} 70. h7 {[%clk 0:19:52]} Ke3 {[%clk 0:01:54]} 71. Kxb3
{[%clk 0:19:55]} f2 {[%clk 0:02:02]} 72. Kb2 {[%clk 0:20:10]} Rxh7
{[%clk 0:02:01]} 73. Rxh7 {[%clk 0:20:26]} f1=Q {[%clk 0:02:24]} 74. Re7+
{[%clk 0:20:45]} Kd4 {[%clk 0:02:42]} 75. Rd7+ {[%clk 0:21:06]} Kc5
{[%clk 0:02:55]} 76. Rd2 {[%clk 0:21:29]} Kc4 {[%clk 0:03:01]} 77. Rc2+
{[%clk 0:21:34]} Kb4 {[%clk 0:03:20]} 78. Rd2 {[%clk 0:21:57]} Qf6+
{[%clk 0:02:39]} 79. Kc2 {[%clk 0:22:19]} Qa1 {[%clk 0:02:31]} 80. Kd3
{[%clk 0:22:11]} Kb3 {[%clk 0:02:11]} 81. Ke2 {[%clk 0:22:33]} Kc4
{[%clk 0:01:44]} 82. Rc2+ {[%clk 0:22:53]} Kd4 {[%clk 0:02:08]} 83. Rd2+
{[%clk 0:23:20]} Ke4 {[%clk 0:02:32]} 84. Rc2 {[%clk 0:23:46]} Qd4
{[%clk 0:02:26]} 85. Rd2 {[%clk 0:22:59]} Qc3 {[%clk 0:02:22]} 86. Kd1
{[%clk 0:23:17]} Qc4 {[%clk 0:01:50]} 87. Rc2 {[%clk 0:22:27]} Qf1+
{[%clk 0:01:54]} 88. Kd2 {[%clk 0:22:53]} Kd4 {[%clk 0:02:01]} 89. Rb2
{[%clk 0:22:50]} Qf4+ {[%clk 0:02:04]} 90. Kc2 {[%clk 0:23:15]} Kc4
{[%clk 0:02:16]} 91. Kb1 {[%clk 0:23:33]} Qe5 {[%clk 0:02:27]} 92. Ka2
{[%clk 0:23:37]} Kc3 {[%clk 0:02:40]} 93. Kb1 {[%clk 0:23:33]} Qd4
{[%clk 0:02:34]} 94. Ka2 {[%clk 0:22:19]} Qd1 {[%clk 0:02:48]} 95. Rh2
{[%clk 0:21:13]} Qa4+ {[%clk 0:02:55]} 96. Kb1 {[%clk 0:21:39]} Qb5+
{[%clk 0:03:10]} 97. Ka1 {[%clk 0:21:09]} Qa6+ {[%clk 0:03:31]} 98. Kb1
{[%clk 0:21:05]} Qb6+ {[%clk 0:03:56]} 0-1

[Event "WYCC Open U14"]
[Site "Porto Carras"]
[Date "2015.10.27"]
[Round "3.4"]
[White "Erenberg, Ariel"]
[Black "Miyasaka, Marcus M"]
[Result "1/2-1/2"]
[BlackElo "2170"]
[WhiteElo "2366"]
[LiveChessVersion "1.4.6"]

1. d4 {[%clk 1:30:51]} Nf6 {[%clk 1:30:48]} 2. c4 {[%clk 1:31:06]} g6
{[%clk 1:31:13]} 3. Nc3 {[%clk 1:31:12]} d5 {[%clk 1:31:39]} 4. Bg5
{[%clk 1:30:26]} Ne4 {[%clk 1:30:51]} 5. Bh4 {[%clk 1:30:22]} Nxc3
{[%clk 1:30:29]} 6. bxc3 {[%clk 1:30:51]} dxc4 {[%clk 1:27:25]} 7. e3
{[%clk 1:30:55]} Be6 {[%clk 1:16:14]} 8. Nf3 {[%clk 1:30:51]} c5 {[%clk 1:06:44]}
9. Be2 {[%clk 1:28:32]} Bg7 {[%clk 0:49:23]} 10. O-O {[%clk 1:28:04]} O-O
{[%clk 0:46:00]} 11. Qc2 {[%clk 1:27:02]} cxd4 {[%clk 0:42:55]} 12. Nxd4
{[%clk 1:26:35]} Bd7 {[%clk 0:35:25]} 13. Rfd1 {[%clk 1:18:03]} Bf6
{[%clk 0:20:18]} 14. Bxf6 {[%clk 1:17:05]} exf6 {[%clk 0:20:46]} 15. Bxc4
{[%clk 1:17:16]} Qc8 {[%clk 0:19:21]} 16. Bd5 {[%clk 1:14:18]} Nc6
{[%clk 0:14:18]} 17. Qb3 {[%clk 1:08:10]} Rb8 {[%clk 0:10:09]} 18. h3
{[%clk 0:53:23]} Na5 {[%clk 0:08:17]} 19. Qa3 {[%clk 0:52:24]} b6
{[%clk 0:08:40]} 20. Qd6 {[%clk 0:49:28]} Kg7 {[%clk 0:05:10]} 21. e4
{[%clk 0:48:37]} Nb7 {[%clk 0:04:02]} 22. Qf4 {[%clk 0:44:44]} Qe8
{[%clk 0:01:50]} 23. Nf3 {[%clk 0:44:24]} Bc6 {[%clk 0:01:10]} 24. h4
{[%clk 0:43:25]} h5 {[%clk 0:01:28]} 25. Rd4 {[%clk 0:34:12]} Rc8
{[%clk 0:01:25]} 26. Rad1 {[%clk 0:33:45]} Bxd5 {[%clk 0:00:56]} 27. exd5
{[%clk 0:33:59]} Rxc3 {[%clk 0:01:19]} 28. d6 {[%clk 0:33:43]} Qd7
{[%clk 0:01:16]} 29. Re1 {[%clk 0:32:33]} Re8 {[%clk 0:01:16]} 30. Rxe8
{[%clk 0:30:22]} Qxe8 {[%clk 0:01:45]} 31. d7 {[%clk 0:28:02]} Qd8
{[%clk 0:01:59]} 32. Qe4 {[%clk 0:27:37]} Rc1+ {[%clk 0:00:41]} 33. Kh2
{[%clk 0:25:33]} Qc7+ {[%clk 0:01:04]} 34. g3 {[%clk 0:25:49]} Nd8
{[%clk 0:00:37]} 35. Qe7 {[%clk 0:14:45]} Rc2 {[%clk 0:00:37]} 36. Kg2
{[%clk 0:14:23]} Rc6 {[%clk 0:00:47]} 37. Rd2 {[%clk 0:12:04]} Re6
{[%clk 0:01:04]} 38. Qa3 {[%clk 0:11:36]} Qb7 {[%clk 0:01:07]} 39. Rd1
{[%clk 0:10:03]} Rc6 {[%clk 0:00:39]} 40. Qe7 {[%clk 0:39:03]} Qa8
{[%clk 0:30:32]} 41. Qe4 {[%clk 0:38:09]} Qb7 {[%clk 0:23:14]} 42. Rd3
{[%clk 0:38:01]} Qb8 {[%clk 0:16:22]} 43. Nd4 {[%clk 0:31:55]} Rc5
{[%clk 0:06:29]} 44. Qe8 {[%clk 0:23:30]} a6 {[%clk 0:05:58]} 45. Kh2
{[%clk 0:20:56]} Qc7 {[%clk 0:01:26]} 46. Ne2 {[%clk 0:13:33]} Rc2
{[%clk 0:00:50]} 47. Kg2 {[%clk 0:11:54]} b5 {[%clk 0:00:45]} 48. a3
{[%clk 0:08:37]} a5 {[%clk 0:00:49]} 49. Nf4 {[%clk 0:06:22]} Qb6
{[%clk 0:00:47]} 50. Rf3 {[%clk 0:03:42]} Rc5 {[%clk 0:01:08]} 51. Re3
{[%clk 0:03:25]} Qc6+ {[%clk 0:01:13]} 52. Kh2 {[%clk 0:02:54]} Rc1
{[%clk 0:01:12]} 53. Ng2 {[%clk 0:02:45]} Qb6 {[%clk 0:01:07]} 54. Qe7
{[%clk 0:01:28]} b4 55. axb4 {[%clk 0:01:36]} axb4 {[%clk 0:01:32]} 56. Nf4
{[%clk 0:01:46]} Qc6 {[%clk 0:01:35]} 57. f3 {[%clk 0:00:50]} Qc2+
{[%clk 0:01:30]} 58. Ng2 {[%clk 0:00:59]} 1/2-1/2

[Event "WYCC Open U14"]
[Site "Porto Carras"]
[Date "2015.10.27"]
[Round "3.5"]
[White "Gantsooj, Ganzorig"]
[Black "Shevchenko, Kirill"]
[Result "0-1"]
[BlackElo "2359"]
[WhiteElo "2208"]
[LiveChessVersion "1.4.6"]

1. e4 {[%clk 1:30:56]} c5 {[%clk 1:30:50]} 2. Nf3 {[%clk 1:31:20]} d6
{[%clk 1:31:14]} 3. d4 {[%clk 1:31:42]} cxd4 {[%clk 1:31:39]} 4. Nxd4
{[%clk 1:32:07]} Nf6 {[%clk 1:32:00]} 5. Nc3 {[%clk 1:32:28]} a6 {[%clk 1:32:22]}
6. Be3 {[%clk 1:32:40]} e5 {[%clk 1:32:25]} 7. Nb3 {[%clk 1:32:43]} Be6
{[%clk 1:32:46]} 8. Qd2 {[%clk 1:32:36]} Nbd7 {[%clk 1:32:51]} 9. O-O-O
{[%clk 1:27:22]} Rc8 {[%clk 1:33:07]} 10. f4 {[%clk 1:27:04]} b5 {[%clk 1:32:21]}
11. Kb1 {[%clk 1:26:27]} Be7 {[%clk 1:27:25]} 12. f5 {[%clk 1:26:30]} Bc4
{[%clk 1:27:42]} 13. g4 {[%clk 1:26:24]} h6 {[%clk 1:26:15]} 14. Rg1
{[%clk 1:24:55]} Bxf1 {[%clk 1:24:33]} 15. Rdxf1 {[%clk 1:24:44]} b4
{[%clk 1:23:35]} 16. Nd5 {[%clk 1:19:49]} Nxd5 {[%clk 1:23:31]} 17. exd5
{[%clk 1:20:07]} a5 {[%clk 1:18:57]} 18. g5 {[%clk 1:12:20]} hxg5
{[%clk 1:16:05]} 19. Bxg5 {[%clk 1:12:00]} Bxg5 {[%clk 1:16:13]} 20. Rxg5
{[%clk 1:10:52]} a4 {[%clk 1:15:43]} 21. Nc1 {[%clk 1:03:03]} Rxh2
{[%clk 1:14:35]} 22. Rg2 {[%clk 1:00:02]} Rxg2 {[%clk 1:13:41]} 23. Qxg2
{[%clk 1:00:27]} Qc7 {[%clk 1:10:35]} 24. Rf2 {[%clk 0:57:14]} Nf6
{[%clk 1:00:23]} 25. Qxg7 {[%clk 0:50:24]} Ke7 {[%clk 1:00:47]} 26. Qg3
{[%clk 0:48:47]} Rg8 {[%clk 0:55:09]} 27. Qd3 {[%clk 0:48:19]} a3
{[%clk 0:54:12]} 28. Rf1 {[%clk 0:40:43]} axb2 {[%clk 0:49:29]} 29. Ne2
{[%clk 0:37:06]} Qc5 {[%clk 0:39:46]} 30. Rd1 {[%clk 0:31:16]} Ra8
{[%clk 0:37:36]} 31. Qh3 {[%clk 0:20:05]} Qc4 {[%clk 0:37:30]} 0-1

[Event "WYCC Open U14"]
[Site "Porto Carras"]
[Date "2015.10.27"]
[Round "3.6"]
[White "Schmidek, Emil"]
[Black "Kozak, Adam"]
[Result "0-1"]
[WhiteElo "2174"]
[BlackElo "2349"]
[PlyCount "158"]
[EventDate "2015.??.??"]
[WhiteClock "0:00:35"]
[BlackClock "0:02:26"]

1. e4 e5 2. Nf3 Nc6 3. Bb5 a6 4. Ba4 Nf6 5. O-O Be7 6. Re1 b5 7. Bb3 d6 8. c3
O-O 9. h3 Na5 10. Bc2 c5 11. d4 Nd7 12. Nbd2 exd4 13. cxd4 Nc6 14. d5 Nce5 15.
Nxe5 Nxe5 16. a4 Bb7 17. f4 Ng6 18. Nf3 Re8 19. f5 Nf8 20. axb5 axb5 21. Rxa8
Bxa8 22. Qe2 Qb6 23. Be3 Qa5 24. Bd2 Qb6 25. Be3 Qb8 26. b4 Rc8 27. Rb1 c4 28.
Ra1 Nd7 29. Nd4 Bd8 30. Qe1 Ne5 31. Qc3 Bb6 32. Ne2 Nd3 33. Bd4 Ne5 34. Kh1 Bd8
35. Qe3 Qc7 36. Nc3 Qd7 37. Bb6 Bf6 38. Ra7 Bb7 39. Bd4 Ra8 40. Rxa8+ Bxa8 41.
Bxe5 Bxe5 42. Qb6 g6 43. f6 Bxf6 44. Nxb5 Be5 45. Ba4 Bb7 46. Nxd6 Qxd6 47.
Qxb7 Kg7 48. Qb5 c3 49. Qc4 Qf6 50. Qe2 Qf4 51. Kg1 Qc1+ 52. Bd1 Bg3 53. Kh1
Be5 54. Kg1 Qf4 55. b5 Bd4+ 56. Kh1 Qc1 57. Kh2 h5 58. h4 Qf4+ 59. g3 Qf6 60.
Kg2 Qe5 61. Qf3 Bc5 62. Bb3 Bd6 63. b6 Qd4 64. b7 Qb4 65. Bc2 Be5 66. g4 hxg4
67. Qxg4 Qxb7 68. h5 Qb2 69. Qd1 gxh5 70. Kh3 Kh6 71. d6 Qb6 72. d7 Qg6 73. Qf3
Qe6+ 74. Qf5 Qxf5+ 75. exf5 Bf6 76. Kg3 Kg5 77. Kf3 h4 78. Bb1 Bd8 79. Bc2 Bc7
0-1